Chemical and biological regulation of aquatic systems
Saved in:
| Main Authors: | , |
|---|---|
| Format: | Bog |
| Sprog: | engelsk |
| Udgivet: |
Boca Ratón
Lewis Publishers
1994
|
| Fag: | |
| Tags: |
Tilføj Tag
Ingen Tags, Vær først til at tagge denne postø!
|
MARC
| LEADER | 00000nam a2200000 a 4500 | ||
|---|---|---|---|
| 001 | UCU1274 | ||
| 003 | CL-VaPUC | ||
| 008 | 960404e19940000US |||||||||||||||||eng|d | ||
| 082 | 0 | 4 | |a 636.37 |b BUF |2 21 |
| 100 | 0 | |a Buffle, Jacques |e author |9 356894 | |
| 700 | 0 | |a De Vitre, Richard R |e author |9 356895 | |
| 245 | 1 | 0 | |a Chemical and biological regulation of aquatic systems |
| 300 | |a 385 p | ||
| 942 | |c BK | ||
| 945 | |d 19960404 00:00:00 |a rbrito | ||
| 260 | |a Boca Ratón |b Lewis Publishers |c 1994 | ||
| 650 | 0 | |a Ecosistemas acuáticos |9 343699 | |
| 650 | 0 | |a Geología marina |9 350527 | |
| 650 | 7 | |a SEDIMENTACION ACUATICA |2 CL-VaPUC |9 356896 | |
| 650 | 0 | |a Metabolismo |9 259893 | |
| 650 | 7 | |a MICROORGANISMOS ACUATICOS |2 CL-VaPUC |9 338100 | |
| 650 | 0 | |a Medio ambiente |9 257625 | |
| 650 | 0 | |a Oxidación |9 326616 | |
| 583 | |a last modification |c 19960404 00:00:00 |k Rodrigo Vera | ||
| 999 | |c 245945 |d 245943 | ||
| 952 | |0 0 |1 0 |4 0 |6 636_370000000000000_BUF_1994 |7 0 |8 A |9 260581 |a BIBCUR |b BIBCUR |d 2019-11-19 |i 3189716 |o 636.37 BUF 1994 |p 3189716 |r 2025-04-22 |w 2019-11-19 |y BK |k BCB | ||
| 952 | |0 0 |1 0 |4 0 |6 636_370000000000000_BUF_1994 |7 0 |8 A |9 260582 |a BIBCUR |b BIBCUR |d 2019-11-19 |i 3433072 |o 636.37 BUF 1994 |p 3433072 |r 2025-04-22 |w 2019-11-19 |y BK |k QUI | ||